[Event "Sunway Formentera op 3rd"]
[Site "Sant Ferran de ses Roques"]
[Date "2024.04.10"]
[Round "2"]
[White "Svensen, Tarjei Joten"]
[Black "Kazarian, Anna Maja"]
[Result "0-1"]
[WhiteElo "2054"]
[BlackElo "2207"]
[PlyCount "120"]
[EventDate "2024.04.09"]
[EventType "swiss"]
[EventRounds "10"]
[EventCountry "ESP"]
[SourceTitle "CB17_2024"]
[SourceDate "2024.04.24"]
[SourceVersion "1"]
[SourceVersionDate "2024.04.24"]
[SourceQuality "1"]

1. d4 d5 2. Nf3 Nf6 3. c4 c6 4. Nc3 g6 5. e3 Bg7 6. Bd3 0-0 7. h3 b6 8. 0-0 Bb7 9. b3 c5 10. cxd5 cxd4 11. exd4 Nxd5 12. Nxd5 Bxd5 13. Bb2 Nc6 14. Ne5 Nb4 15. Bc4 Bxc4 16. bxc4 Bxe5 17. dxe5 Nd3 18. Qe2 Nxb2 19. Qxb2 Qc7 20. Rac1 Rfd8 21. e6 f6 22. Qe2 Rd4 23. Rfd1 Rad8 24. Rxd4 Rxd4 25. g3 Qc6 26. c5 bxc5 27. Qb2 Qb6 28. Qa3 Rd5 29. Qa4 Kg7 30. h4 a6 31. Re1 Qb4 32. Re4 Qxa4 33. Rxa4 Rd6 34. Rc4 Rc6 35. g4 g5 36. Kg2 gxh4 37. Kh3 Kg6 38. Kxh4 f5 39. g5 Rxe6 40. Rxc5 Re4+ 41. Kg3 Kxg5 42. Ra5 Re6 43. f4+ Kf6 44. Kh4 Kg6 45. Ra3 Rc6 46. Re3 Kf6 47. Ra3 e6 48. Kg3 h5 49. Kh4 Rc4 50. Rxa6 Rxf4+ 51. Kxh5 Rg4 52. a4 Rg8 53. Kh4 f4 54. Rb6 Kf5 55. Kh3 e5 56. a5 f3 57. Rb7 Kf4 58. Rf7+ Ke3 59. a6 f2 60. a7 Ke2 0-1

[Event "NOR-chT Club"]
[Site "Drammen"]
[Date "2019.06.02"]
[Round "5.2"]
[White "Storme, Isak"]
[Black "Svensen, Tarjei Joten"]
[Result "1-0"]
[WhiteElo "2309"]
[BlackElo "2056"]
[PlyCount "89"]
[EventDate "2019.05.30"]
[EventType "team-swiss"]
[EventRounds "6"]
[EventCountry "NOR"]
[SourceTitle "CBM 190 Extra"]
[Source "ChessBase"]
[SourceDate "2019.07.15"]
[SourceVersion "1"]
[SourceVersionDate "2019.07.15"]
[SourceQuality "1"]
[WhiteTeam "Schakklubben av 1911"]
[BlackTeam "OSS II"]
[WhiteTeamCountry "NOR"]
[BlackTeamCountry "NOR"]

1. e4 e6 2. d4 d5 3. Nd2 Nf6 4. e5 Nfd7 5. Bd3 c5 6. c3 Nc6 7. Ne2 cxd4 8. cxd4 f6 9. exf6 Nxf6 10. 0-0 Bd6 11. Nf3 0-0 12. Bf4 Nh5 13. Bxd6 Qxd6 14. Qd2 Nf4 15. Nxf4 Qxf4 16. Qxf4 Rxf4 17. Rfd1 Bd7 18. Bb5 Raf8 19. Bxc6 Bxc6 20. Re1 R8f6 21. Rac1 h6 22. Re2 Rg4 23. Rc3 Bb5 24. Rd2 Re4 25. h3 Re2 26. Rxe2 Bxe2 27. Ne5 Rf4 28. Rc8+ Rf8 29. Rc7 b5 30. g3 a5 31. Kg2 a4 32. a3 Rb8 33. Nd7 Rd8 34. g4 Re8 35. Kg3 Bd3 36. Kf4 Bf1 37. h4 Be2 38. g5 hxg5+ 39. hxg5 Bd3 40. Ke5 Bf5 41. f4 Rd8 42. Rb7 Bd3 43. Nc5 Bf5 44. Nxe6 Bxe6 45. Kxe6 1-0

[Event "NOR-chT Club"]
[Site "Kristiansund"]
[Date "2017.10.22"]
[Round "5.8"]
[White "Isachsen, Harald"]
[Black "Svensen, Tarjei Joten"]
[Result "0-1"]
[WhiteElo "1701"]
[BlackElo "2057"]
[PlyCount "71"]
[EventDate "2017.10.20"]
[EventType "team-tourn"]
[EventRounds "6"]
[EventCountry "NOR"]
[SourceTitle "CBM 181 Extra"]
[Source "ChessBase"]
[SourceDate "2017.12.12"]
[SourceVersion "1"]
[SourceVersionDate "2017.12.12"]
[SourceQuality "1"]
[WhiteTeam "Molde"]
[BlackTeam "OSS"]
[WhiteTeamCountry "NOR"]
[BlackTeamCountry "NOR"]

1. e4 e6 2. Nf3 d5 3. exd5 exd5 4. d4 Bg4 5. Be2 Bd6 6. Bg5 Ne7 7. Bh4 Nbc6 8. Bg3 0-0 9. c3 Re8 10. 0-0 Ng6 11. Nbd2 Bf4 12. Re1 Qf6 13. Qc2 Re7 14. Bd3 Rae8 15. Rxe7 Rxe7 16. Re1 Rxe1+ 17. Nxe1 Nce7 18. Nef3 c6 19. Qb1 h5 20. Qe1 h4 21. Bxf4 Nxf4 22. Ne5 Qg5 23. Qe3 Nf5 24. Bxf5 Qxf5 25. Nxg4 Qxg4 26. Qf3 Qg5 27. Nf1 g6 28. Ne3 Kg7 29. Qg4 Qxg4 30. Nxg4 Nd3 31. b3 Nc1 32. Ne3 Ne2+ 33. Kf1 Nxc3 34. Nc2 Nxa2 35. Ke2 Nc3+ 36. Kd3 0-1

[Event "Barcelona Sants op 19th"]
[Site "Barcelona"]
[Date "2017.08.18"]
[Round "1"]
[White "Svensen, Tarjei Joten"]
[Black "Moussard, Jules"]
[Result "0-1"]
[WhiteElo "2106"]
[BlackElo "2571"]
[PlyCount "88"]
[EventDate "2017.08.18"]
[EventType "swiss"]
[EventRounds "10"]
[EventCountry "ESP"]
[SourceTitle "CBM 180 Extra"]
[Source "ChessBase"]
[SourceDate "2017.10.06"]
[SourceVersion "1"]
[SourceVersionDate "2017.10.06"]
[SourceQuality "1"]

1. d4 Nf6 2. c4 d6 3. Nf3 g6 4. g3 Bg7 5. Bg2 0-0 6. Nc3 Nbd7 7. 0-0 e5 8. dxe5 dxe5 9. h3 h6 10. Be3 Qe7 11. Qc1 Kh7 12. Rd1 c6 13. a3 Nc5 14. Nd2 Nfd7 15. b4 Ne6 16. Nb3 f5 17. Qc2 f4 18. Bd2 fxg3 19. fxg3 Nd4 20. Qa2 Nb6 21. Nc5 e4 22. N3xe4 Nxe2+ 23. Kh2 Nd4 24. Bf4 Nf5 25. Rac1 g5 26. Bd6 Nxd6 27. Nxd6 Be5 28. Qc2+ Kh8 29. Nce4 Be6 30. Rd3 Rad8 31. Rcd1 Rd7 32. a4 g4 33. a5 gxh3 34. Bh1 Nd5 35. Qd2 Qg7 36. cxd5 cxd5 37. Rxd5 Bxd5 38. Qxd5 Rxd6 39. Qb3 Rg6 40. Rd3 h5 41. Kxh3 h4 42. gxh4 Rg1 43. Bf3 Rxf3+ 44. Rxf3 Qg4# 0-1

[Event "NOR-ch rapid"]
[Site "Sandefjord"]
[Date "2017.01.07"]
[Round "4"]
[White "Svensen, Tarjei Joten"]
[Black "Mihajlov, Sebastian"]
[Result "1/2-1/2"]
[WhiteElo "2117"]
[BlackElo "2384"]
[PlyCount "114"]
[EventDate "2017.01.07"]
[EventType "swiss (rapid)"]
[EventRounds "10"]
[EventCountry "NOR"]
[SourceTitle "CBM 176 Extra"]
[Source "ChessBase"]
[SourceDate "2017.03.02"]
[SourceVersion "1"]
[SourceVersionDate "2017.03.02"]
[SourceQuality "1"]

1. d4 Nf6 2. Bg5 Ne4 3. Bf4 d5 4. e3 e6 5. Bd3 Nd6 6. Nc3 Nd7 7. Nf3 c5 8. dxc5 Nxc5 9. 0-0 Be7 10. Re1 0-0 11. e4 dxe4 12. Nxe4 Ncxe4 13. Bxe4 Nxe4 14. Rxe4 Qb6 15. Be5 f6 16. Bd4 Qc6 17. Re2 e5 18. Bc3 Bg4 19. Qd3 Rac8 20. Qe4 Qxe4 21. Rxe4 Bf5 22. Re2 Rfd8 23. Nxe5 fxe5 24. Rxe5 Bf6 25. Rxf5 Bxc3 26. bxc3 Rxc3 27. g3 Rxc2 28. a4 g6 29. Rf4 Kg7 30. Rb1 Rd7 31. h4 b6 32. Rb5 Ra2 33. Kg2 Rf7 34. Rbb4 Rxf4 35. Rxf4 Ra3 36. Kf1 h6 37. Ke2 g5 38. hxg5 hxg5 39. Re4 Kf6 40. g4 a5 41. f4 gxf4 42. Rxf4+ Ke5 43. Rc4 Kd5 44. Rf4 Rb3 45. Kd2 Ke5 46. Rc4 Rf3 47. Rc6 Rf4 48. Rxb6 Rxa4 49. g5 Rb4 50. Ra6 a4 51. g6 Rg4 52. Kc2 a3 53. Rxa3 Kf6 54. Ra6+ Kg7 55. Kd3 Rg5 56. Ke4 Rxg6 57. Rxg6+ Kxg6 1/2-1/2

[Event "Lund CellaVision Cup"]
[Site "Lund"]
[Date "2015.08.07"]
[Round "4"]
[White "Svensen, Tarjei Joten"]
[Black "Burmakin, Vladimir"]
[Result "0-1"]
[WhiteElo "2114"]
[BlackElo "2558"]
[PlyCount "66"]
[EventDate "2015.08.07"]
[EventType "swiss"]
[EventRounds "8"]
[EventCountry "SWE"]
[SourceTitle "CBM 167 Extra"]
[Source "ChessBase"]
[SourceDate "2015.09.14"]
[SourceVersion "1"]
[SourceVersionDate "2015.09.14"]
[SourceQuality "1"]

1. d4 Nf6 2. Bg5 c6 3. Bxf6 exf6 4. e3 Qb6 5. Qc1 f5 6. Bd3 d6 7. Ne2 g6 8. c4 Bg7 9. Nbc3 Nd7 10. 0-0 0-0 11. Rb1 a5 12. Qc2 Nf6 13. a3 Qc7 14. Rfc1 Bd7 15. b4 axb4 16. axb4 Rfc8 17. c5 b5 18. cxd6 Qxd6 19. Nf4 h6 20. Be2 g5 21. Nd3 f4 22. Ne5 fxe3 23. fxe3 Be6 24. Bf3 g4 25. Be2 Qe7 26. Ne4 Ra2 27. Nxf6+ Bxf6 28. Qd1 Bxe5 29. dxe5 Rd8 30. Bd3 Ra3 31. Rxc6 Raxd3 32. Qe1 Qg5 33. Rc3 Qxe5 0-1

[Event "Oslo op-B"]
[Site "Oslo"]
[Date "2014.09.28"]
[Round "4"]
[White "Govatsmark, Konstantin"]
[Black "Svensen, Tarjei Joten"]
[Result "0-1"]
[WhiteElo "1843"]
[BlackElo "2082"]
[PlyCount "106"]
[EventDate "2014.09.28"]
[EventType "swiss"]
[EventRounds "9"]
[EventCountry "NOR"]
[SourceTitle "EXT 2017"]
[Source "ChessBase"]
[SourceDate "2016.10.25"]
[SourceVersion "1"]
[SourceVersionDate "2016.10.25"]
[SourceQuality "1"]

1. e4 e6 2. d4 d5 3. Nd2 Nf6 4. e5 Nfd7 5. Bd3 c5 6. c3 Nc6 7. Ne2 cxd4 8. cxd4 f6 9. exf6 Nxf6 10. 0-0 Bd6 11. Nf3 0-0 12. Bg5 Qe8 13. Qd2 Nh5 14. Qc2 g6 15. Qd2 e5 16. Nxe5 Nxd4 17. Nf3 Nxf3+ 18. gxf3 Rxf3 19. Ng3 Nf4 20. Bxf4 Rxf4 21. Rfe1 Qf7 22. Bf1 Bc5 23. Re8+ Qxe8 24. Qxf4 Qf7 25. Qd2 Be6 26. Bg2 Rf8 27. Rf1 Bb6 28. Qe2 h5 29. h3 h4 30. Nh1 Kh7 31. Re1 Bf5 32. Qe7 Qxe7 33. Rxe7+ Kh6 34. Bxd5 Rd8 35. Bf3 Bxh3 36. Re2 Bf5 37. Kg2 g5 38. Bxb7 g4 39. Re5 Kg6 40. Re2 Rf8 41. Be4 Kg5 42. Bxf5 Rxf5 43. Rc2 Rc5 44. Re2 Rc1 45. Re8 Bc7 46. Rg8+ Kf5 47. Rf8+ Ke6 48. f4 Rc2+ 49. Kf1 g3 50. Rg8 Bxf4 51. Rg4 Kf5 52. Rg8 Ke4 53. Rc8 Rxc8 0-1

[Event "Oslo op-B"]
[Site "Oslo"]
[Date "2014.09.28"]
[Round "5"]
[White "Svensen, Tarjei Joten"]
[Black "Wahlstedt, Mats"]
[Result "1-0"]
[WhiteElo "2082"]
[BlackElo "1980"]
[PlyCount "33"]
[EventDate "2014.09.28"]
[EventType "swiss"]
[EventRounds "9"]
[EventCountry "NOR"]
[SourceTitle "EXT 2017"]
[Source "ChessBase"]
[SourceDate "2016.10.25"]
[SourceVersion "1"]
[SourceVersionDate "2016.10.25"]
[SourceQuality "1"]

1. d4 Nf6 2. c4 g6 3. Nf3 Bg7 4. Nc3 d6 5. Bf4 0-0 6. h3 c6 7. e3 a6 8. Be2 b5 9. a3 bxc4 10. Bxc4 Nbd7 11. 0-0 c5 12. Qe2 Bb7 13. Ba2 cxd4 14. exd4 Nb6 15. Rfe1 Re8 16. Bxf7+ Kxf7 17. Ng5+ 1-0

[Event "Oslo Elo op"]
[Site "Oslo"]
[Date "2012.09.30"]
[Round "1"]
[White "Djurhuus, Eivind X"]
[Black "Svensen, Tarjei Joten"]
[Result "1-0"]
[WhiteElo "1812"]
[BlackElo "2108"]
[PlyCount "125"]
[EventDate "2012.09.30"]
[EventType "swiss"]
[EventRounds "9"]
[EventCountry "NOR"]
[SourceTitle "EXT 2013"]
[Source "ChessBase"]
[SourceDate "2012.11.22"]
[SourceVersion "1"]
[SourceVersionDate "2012.11.22"]
[SourceQuality "1"]

1. e4 e6 2. d3 d5 3. Qe2 Ne7 4. Nf3 c5 5. g3 Nbc6 6. Bg2 g6 7. e5 Bg7 8. 0-0 0-0 9. c4 Qc7 10. Re1 Rd8 11. Bf4 h6 12. h4 dxc4 13. dxc4 Nf5 14. Nc3 Nfd4 15. Nxd4 Nxd4 16. Qe4 Bd7 17. Nb5 Bxb5 18. cxb5 Rd7 19. a4 Rad8 20. Rac1 Qb6 21. Rc4 a6 22. b4 cxb4 23. Rxb4 Qc5 24. Rbb1 axb5 25. Rec1 Qa3 26. axb5 Qa2 27. Bf1 Qd5 28. Qxd5 exd5 29. Kg2 Ne6 30. b6 g5 31. hxg5 hxg5 32. Bd2 Bxe5 33. Bb5 Rd6 34. Bb4 Rxb6 35. Ba5 Rdd6 36. Bxb6 Rxb6 37. Be2 Rxb1 38. Rxb1 Nd8 39. Rb5 Ne6 40. Rxd5 Bd4 41. Bg4 Bf6 42. Bxe6 fxe6 43. Rb5 Kg7 44. Rxb7+ Kg6 45. Kf3 Bd4 46. Rb4 Bc5 47. Rb2 Bd4 48. Rd2 Bc5 49. Ke4 Kf6 50. f3 Bb4 51. Rd7 Be1 52. g4 Bg3 53. Kd4 Bf2+ 54. Kc4 Ke5 55. Kb5 Kf4 56. Rf7+ Kg3 57. Kc6 Be3 58. Kd6 Bf4+ 59. Kxe6 Kxf3 60. Kf5 Kg3 61. Rg7 Kh4 62. Rh7+ Kg3 63. Rh5 1-0

[Event "Oslo Elo op"]
[Site "Oslo"]
[Date "2012.09.30"]
[Round "5"]
[White "Skagseth, Havard M"]
[Black "Svensen, Tarjei Joten"]
[Result "0-1"]
[WhiteElo "1829"]
[BlackElo "2108"]
[PlyCount "42"]
[EventDate "2012.09.30"]
[EventType "swiss"]
[EventRounds "9"]
[EventCountry "NOR"]
[SourceTitle "EXT 2013"]
[Source "ChessBase"]
[SourceDate "2012.11.22"]
[SourceVersion "1"]
[SourceVersionDate "2012.11.22"]
[SourceQuality "1"]

1. e4 e6 2. d4 d5 3. Nc3 Nf6 4. Bg5 Be7 5. e5 Nfd7 6. Bxe7 Qxe7 7. f4 a6 8. Nf3 c5 9. dxc5 Qxc5 10. Qd2 Nc6 11. 0-0-0 b5 12. Bd3 Nb6 13. Ne2 Bd7 14. g4 b4 15. Kb1 Na4 16. f5 Rb8 17. Qg5 Nc3+ 18. bxc3 bxc3+ 19. Ka1 Rb2 20. Nc1 Rb1+ 21. Kxb1 Qa3 0-1

[Event "Sunningdale e2e4 op"]
[Site "Ascot"]
[Date "2011.05.30"]
[Round "6"]
[White "David, Ivan"]
[Black "Svensen, Tarjei Joten"]
[Result "0-1"]
[WhiteElo "1970"]
[BlackElo "2102"]
[PlyCount "50"]
[EventDate "2011.05.27"]
[EventType "swiss"]
[EventRounds "7"]
[EventCountry "ENG"]
[SourceTitle "CBM 142 Extra"]
[Source "ChessBase"]
[SourceDate "2011.06.27"]
[SourceVersion "1"]
[SourceVersionDate "2011.06.27"]
[SourceQuality "1"]

1. c4 e6 2. g3 Nf6 3. Bg2 d5 4. Nf3 Be7 5. 0-0 0-0 6. d4 c6 7. b3 Nbd7 8. Bb2 b6 9. Nbd2 Bb7 10. Qc2 Qc7 11. Rac1 Rac8 12. Ne5 dxc4 13. Qxc4 c5 14. Nef3 Bd5 15. Qd3 Qb7 16. Nh4 cxd4 17. Bxd4 Nc5 18. Qb1 Nfe4 19. Nxe4 Nxe4 20. Nf3 Nd2 21. Nxd2 Bxg2 22. Rfd1 Bh3 23. f3 Rfd8 24. Rxc8 Qxc8 25. Qb2 Rxd4 0-1

[Event "Sunningdale e2e4 op"]
[Site "Ascot"]
[Date "2011.05.29"]
[Round "4"]
[White "Taylor, Dale C"]
[Black "Svensen, Tarjei Joten"]
[Result "1/2-1/2"]
[WhiteElo "1975"]
[BlackElo "2102"]
[PlyCount "82"]
[EventDate "2011.05.27"]
[EventType "swiss"]
[EventRounds "7"]
[EventCountry "ENG"]
[SourceTitle "CBM 142 Extra"]
[Source "ChessBase"]
[SourceDate "2011.06.27"]
[SourceVersion "1"]
[SourceVersionDate "2011.06.27"]
[SourceQuality "1"]

1. Nf3 Nf6 2. c4 c5 3. Nc3 Nc6 4. d4 cxd4 5. Nxd4 g6 6. e4 Bg7 7. Be3 d6 8. Be2 0-0 9. 0-0 Bd7 10. Qd2 Ng4 11. Bxg4 Bxg4 12. f3 Bd7 13. Rfd1 Ne5 14. b3 Bc6 15. Rac1 Nd7 16. Nd5 Nc5 17. Bg5 Re8 18. Nxc6 bxc6 19. Nxe7+ Rxe7 20. Bxe7 Qxe7 21. Qxd6 Qxd6 22. Rxd6 Rc8 23. Rcd1 Kf8 24. Rd8+ Rxd8 25. Rxd8+ Ke7 26. Ra8 Nd7 27. Kf1 Bd4 28. b4 Be5 29. Rxa7 Bxh2 30. b5 Bb8 31. Ra6 c5 32. a4 Kd8 33. Rc6 Bc7 34. Ke2 h5 35. Ra6 Kc8 36. Rc6 Kb7 37. Kd1 h4 38. Kc2 Bb6 39. Kb3 Ne5 40. Rf6 Bd8 41. Rd6 Bc7 1/2-1/2

[Event "Sunningdale e2e4 op"]
[Site "Ascot"]
[Date "2011.05.28"]
[Round "3"]
[White "Svensen, Tarjei Joten"]
[Black "Osborne, Marcus E"]
[Result "0-1"]
[WhiteElo "2102"]
[BlackElo "2220"]
[PlyCount "98"]
[EventDate "2011.05.27"]
[EventType "swiss"]
[EventRounds "7"]
[EventCountry "ENG"]
[SourceTitle "CBM 142 Extra"]
[Source "ChessBase"]
[SourceDate "2011.06.27"]
[SourceVersion "1"]
[SourceVersionDate "2011.06.27"]
[SourceQuality "1"]

1. d4 e6 2. c4 Nf6 3. Nc3 Bb4 4. Qc2 Nc6 5. Nf3 d6 6. Bg5 h6 7. Bd2 0-0 8. a3 Bxc3 9. Bxc3 Qe7 10. e4 e5 11. d5 Nb8 12. Bd3 Nxe4 13. Bxe4 f5 14. Nxe5 Qe8 15. Bd3 dxe5 16. c5 Nd7 17. b4 e4 18. Bb5 a6 19. Ba4 Qg6 20. 0-0-0 Nf6 21. f4 b6 22. Bb3 Kh7 23. d6 cxd6 24. Rxd6 bxc5 25. bxc5 Qg4 26. g3 Qf3 27. Rhd1 Rb8 28. Kb2 Ng4 29. Ka2 Ne3 30. Qd2 Nxd1 31. Bxd1 Qf1 32. Qd4 Rf7 33. c6 Qd3 34. Qxd3 exd3 35. Bb3 Re7 36. Rxd3 Re2+ 37. Rd2 Re3 38. Rc2 Rb6 39. c7 Rc6 40. Be5 Rxc2+ 41. Bxc2 Re2 42. Kb3 Rxh2 43. g4 Be6+ 44. Kc3 g6 45. gxf5 gxf5 46. Bd3 Bc8 47. Kd4 h5 48. Bc4 h4 49. Bd5 Rd2+ 0-1

[Event "Fagernes Norsk op-A"]
[Site "Fagernes"]
[Date "2011.04.17"]
[Round "5"]
[White "Svanholm, Borge Waaktaar"]
[Black "Svensen, Tarjei Joten"]
[Result "0-1"]
[WhiteElo "1993"]
[BlackElo "2108"]
[PlyCount "102"]
[EventDate "2011.04.17"]
[EventType "swiss"]
[EventRounds "9"]
[EventCountry "NOR"]
[SourceTitle "CBM 141 Extra"]
[Source "ChessBase"]
[SourceDate "2011.05.03"]
[SourceVersion "1"]
[SourceVersionDate "2011.05.03"]
[SourceQuality "1"]

1. c4 e6 2. Nc3 b6 3. Nf3 Bb7 4. g3 Nf6 5. Bg2 Be7 6. d4 0-0 7. 0-0 Ne4 8. Qc2 Nxc3 9. Qxc3 d6 10. b3 f5 11. e3 Bf6 12. Bb2 Nd7 13. Qd2 Be4 14. Rad1 Qe8 15. Ne1 Bxg2 16. Nxg2 Qf7 17. f3 Bg5 18. Qe2 Rae8 19. e4 Qh5 20. Bc1 fxe4 21. Qxe4 Bxc1 22. Rxc1 d5 23. Qd3 c5 24. Nf4 Qg5 25. Nh3 Qh6 26. Kg2 Nf6 27. Rce1 cxd4 28. Qxd4 e5 29. Rxe5 Rxe5 30. Qxe5 Re8 31. Qf4 Qg6 32. Rf2 h6 33. cxd5 Nxd5 34. Qc4 Qe6 35. Kg1 Rc8 36. Qe4 Rc1+ 37. Rf1 Rxf1+ 38. Kxf1 Qxh3+ 39. Ke1 Qd7 40. Kf2 a5 41. Qc4 Qe6 42. Qd3 Kf7 43. f4 Nf6 44. Qf3 Qe4 45. Qc3 Ng4+ 46. Kg1 Qe3+ 47. Qxe3 Nxe3 48. Kf2 Ng4+ 49. Kg2 Ke6 50. h3 Ne3+ 51. Kf3 Nd5 0-1

[Event "Fagernes Norsk op-A"]
[Site "Fagernes"]
[Date "2011.04.17"]
[Round "6"]
[White "Svensen, Tarjei Joten"]
[Black "Hoem, Tor Wetle"]
[Result "1-0"]
[WhiteElo "2108"]
[BlackElo "1967"]
[PlyCount "52"]
[EventDate "2011.04.17"]
[EventType "swiss"]
[EventRounds "9"]
[EventCountry "NOR"]
[SourceTitle "CBM 141 Extra"]
[Source "ChessBase"]
[SourceDate "2011.05.03"]
[SourceVersion "1"]
[SourceVersionDate "2011.05.03"]
[SourceQuality "1"]

1. d4 d5 2. c4 e6 3. Nf3 Be7 4. g3 Nf6 5. Bg2 0-0 6. 0-0 Nbd7 7. Nbd2 c5 8. cxd5 Nxd5 9. e4 Nb4 10. Nb3 b6 11. a3 Na6 12. Qe2 Nc7 13. Rd1 Ba6 14. Qc2 Qc8 15. d5 exd5 16. exd5 Bd6 17. Bh3 Ne8 18. Bd2 h6 19. Bc3 Qd8 20. Qf5 Ndf6 21. Qc2 Bb7 22. Nh4 Nxd5 23. Nf5 Nxc3 24. Qxc3 Qc7 25. Rxd6 g6 26. Rd7 Qc6 1-0

[Event "Arctic Chess Challenge"]
[Site "Tromsoe"]
[Date "2010.08.01"]
[Round "2"]
[White "Forsaa, Elise"]
[Black "Svensen, Tarjei Joten"]
[Result "0-1"]
[WhiteElo "1693"]
[BlackElo "2129"]
[PlyCount "52"]
[EventDate "2010.07.31"]
[EventType "swiss"]
[EventRounds "9"]
[EventCountry "NOR"]
[SourceTitle "CBM 137 Extra"]
[Source "ChessBase"]
[SourceDate "2010.09.01"]
[SourceVersion "1"]
[SourceVersionDate "2010.09.01"]
[SourceQuality "1"]

1. e4 e6 2. d4 d5 3. Nc3 Nf6 4. e5 Nfd7 5. f4 c5 6. Nf3 Nc6 7. Be3 a6 8. Be2 cxd4 9. Nxd4 Bc5 10. Qd2 Nxd4 11. Bxd4 Qc7 12. Bf1 b5 13. 0-0-0 0-0 14. h4 b4 15. Ne2 a5 16. Rh3 Ba6 17. Bxc5 Nxc5 18. Nd4 Ne4 19. Qe1 Bxf1 20. Qxf1 Rfc8 21. Qe2 a4 22. Nb5 Qb6 23. Nd6 b3 24. c3 bxa2 25. Kc2 Qb3+ 26. Kd3 Rxc3+ 0-1

[Event "Gjovik op"]
[Site "Gjovik"]
[Date "2009.01.04"]
[Round "6"]
[White "Gandrud, Vegar Koi"]
[Black "Svensen, Tarjei Joten"]
[Result "1-0"]
[WhiteElo "2037"]
[BlackElo "2128"]
[PlyCount "80"]
[EventDate "2008.12.29"]
[EventType "swiss"]
[EventRounds "9"]
[EventCountry "NOR"]
[SourceTitle "CBM 130 Extra"]
[Source "ChessBase"]
[SourceDate "2009.07.02"]
[SourceVersion "2"]
[SourceVersionDate "2009.07.15"]
[SourceQuality "1"]

1. d4 e6 2. c4 Nf6 3. Nf3 Bb4+ 4. Bd2 Qe7 5. g3 b6 6. Bg2 Bb7 7. 0-0 0-0 8. Qb3 Bxd2 9. Nbxd2 Ne4 10. Rad1 d6 11. Qd3 Nxd2 12. Rxd2 f5 13. Ne1 Bxg2 14. Nxg2 Nd7 15. e4 fxe4 16. Qxe4 e5 17. dxe5 Qxe5 18. Qc6 Qg5 19. Re2 Qg4 20. Re7 Ne5 21. Qd5+ Kh8 22. f4 c6 23. Qe4 Ng6 24. Rc7 Rae8 25. Qxc6 Re2 26. Qxd6 Rfe8 27. Qc6 h5 28. Rxa7 R8e4 29. Qd7 Rxg2+ 30. Kxg2 Nh4+ 31. Kg1 Nf5 32. Qd1 Re2 33. Qd3 h4 34. Qf3 Qxf3 35. Rxf3 h3 36. g4 Rg2+ 37. Kh1 Rxg4 38. Rxh3+ Kg8 39. Rd3 Rxf4 40. Kg2 Nh4+ 1-0

[Event "NOR-chT Clubs"]
[Site "Oslo"]
[Date "2008.05.04"]
[Round "6"]
[White "Ekeberg, Carl Fredrik"]
[Black "Svensen, Tarjei Joten"]
[Result "1-0"]
[WhiteElo "2336"]
[BlackElo "1960"]
[PlyCount "43"]
[EventDate "2008.05.01"]
[EventType "team-swiss"]
[EventRounds "6"]
[EventCountry "NOR"]
[SourceTitle "EXT 2010"]
[Source "ChessBase"]
[SourceDate "2010.11.25"]
[SourceVersion "1"]
[SourceVersionDate "2010.11.25"]
[SourceQuality "1"]

1. Nf3 Nf6 2. c4 c6 3. d4 d5 4. e3 g6 5. Nc3 Bg7 6. Bd3 0-0 7. 0-0 Bg4 8. h3 Bxf3 9. Qxf3 dxc4 10. Bxc4 Nbd7 11. Rd1 Qc7 12. e4 e5 13. d5 cxd5 14. Bxd5 Nb6 15. Bb3 Nc4 16. Bg5 Nh5 17. Nd5 Qc5 18. Be7 Qc6 19. Bxf8 Bxf8 20. Rac1 b5 21. Bxc4 bxc4 22. b3 1-0